Medaliści mistrzostw Europy na żuzlu - Statystyki

Ogólne statystyki
  • Ten quiz został rozwiązany 31 razy
  • Średni wynik to 13 z 39
Statystyki odpowiedzi
KRAJ ZAWODNIK ZŁOTO SREBRO BRĄZ % Poprawnych
Dania Leon Madsen 2 2 1
100%
Dania Mikkel Michelsen 2 0 1
91%
Słowenia Matej Zagar 2 0 0
83%
Polska Janusz Kołodziej 0 1 0
74%
Dania Nicki Pedersen 1 2 1
74%
Czechy Vaclav Milík 0 1 1
74%
Rosja Grigorij Łaguta 1 1 2
70%
Polska Krzysztof Kasprzak 1 1 1
70%
Chorwacja Jurica Pavlic 1 0 0
65%
Słowacja Martin Vaculik 1 0 0
65%
Polska Patryk Dudek 0 0 1
61%
Wielka Brytania Robert Lambert 1 0 1
61%
Rosja Emil Sayfutdinov 2 0 0
57%
Polska Jarosław Hampel 0 1 0
57%
Czechy Ales Dryml 1 2 2
52%
Rosja Artiom Łaguta 0 1 0
48%
Polska Sebastian Ułamek 1 2 0
43%
Dania Hans Andersen 0 0 1
30%
Dania Peter Kildemand 0 1 0
22%
Szwecja Antonio Lindbaeck 0 0 1
17%
Polska Grzegorz Walasek 0 1 0
17%
Rosja Renat Gafurov 1 0 0
17%
Łotwa Andrzej Lebiedew 1 0 0
13%
Słowenia Matej Ferjan 0 1 0
13%
Polska Sławomir Drabik 0 1 0
13%
Ukraina Andrij Karpow 0 1 2
9%
Szwecja Magnus Zetterstrom 1 0 1
9%
Polska Tomasz Gapiński 0 1 0
9%
Niemcy Christian Hefenbrock 0 0 1
4%
Finlandia Kai Laukkanen 0 0 1
4%
Polska Krzysztof Cegielski 0 0 1
4%
Polska Krzysztof Jabłoński 1 0 0
4%
Dania Mads Korneliussen 0 0 1
4%
Dania Patrick Hougaard 0 0 1
4%
Polska Robert Miśkowiak 0 1 0
4%
Czechy Bohumil Brhel 1 0 0
0%
Dania Jesper Bruun Jensen 1 0 0
0%
Polska Mariusz Staszewski 0 1 0
0%
Polska Rafał Szombierski 0 0 1
0%
Nie znaleziono quizów pasujących do podanych kryteriów
Rozkład punktacji
Procent ludzi z każdym wynikiem
Percentyl według liczby udzielonych odpowiedzi
Twoja historia wyników
Nie rozwiązałeś tego quizu